000
00321nam a22001457a 4500
008
210311b ||||| |||| 00| 0 eng d
020
_a
9780077319427
041
_a
eng
080
_2
11th
_a
37
082
_a
37
100
_a
46
101
_a
EDU
245
_a
Instructor Wraparound Editiion
_c
Ober, S
942
_2
udc
_c
BK
999
_c
56453
_d
56453